000 00321nam a2200145Ia 4500
005 20250423095955.0
008 250422s9999 xx 000 0 und d
020 _a9780409026337
050 _aKP 35 .A105/
245 0 _aLaws of FCT.
260 _aSouth africa
260 _bLexisNexis
260 _c2007
942 _cBK
999 _c31902
_d31902